Pets and farm animals

Bibliographic Details
Main Author: Kerrod, Robin
Format: Book
Published: Ney York : Facts On File , 1990
Series:Encyclopedia of the animal world
Subjects:

MARC

LEADER 00000cam a2200000 7i4500
001 0000005421
002 000005858
005 20000330.0
020 |a 081601969X 
090 0 0 |a JR 591.51   |b ENC 
100 1 |a Kerrod, Robin 
245 1 0 |a Pets and farm animals   |c Robin Kerrod 
260 |a Ney York :   |b Facts On File ,   |c 1990 
300 |a 96 p. :   |b ill. ;   |c 27 cm. 
490 0 |a Encyclopedia of the animal world 
650 0 0 |a Domestics animals   |x Juvenile literature 
999 |a 028895   |b BUKU   |c RUJUKAN   |e PERPUSTAKAAN KOMUNITI PETALING JAYA